| 000 | 00523nam a22001811 4500 | ||
|---|---|---|---|
| 001 | sa 68003632 | ||
| 003 | DLC | ||
| 005 | 20260227112454.0 | ||
| 008 | 710903s1938 ii c 000 0aeng | ||
| 010 | _asa 68003632 | ||
| 040 |
_aDLC _cDLC _dDLC |
||
| 050 | 0 | 0 |
_aDS481.D37 _bA5 |
| 100 | 1 |
_aDesai, Bhulabhai Jivanji, _d1877-1946. |
|
| 245 | 1 | 0 | _aSpeeches of Bhulabhai J. Desai, 1934-38. |
| 260 |
_aMadras, _bG. A. Natesan, _c1938. |
||
| 300 |
_a2, x, 615 p. _bport. _c25 cm. |
||
| 600 | 1 | 0 |
_aDesai, Bhulabhai Jivanji, _d1877-1946. |
| 999 |
_c79629 _d79629 |
||